00353nam a2200145Ia 4500008004100000020001500041082001100056100002100067245003800088250000900126260002500135300001100160500002400171650001200195230524s9999 xx 000 0 und d a8120327624 a4bKUN aSudakshina Kundu 0aFundamentals of Computer Networks a1STR aNEW DELHIbPHIc2005 aXV;243 aQuantity Number: 1 aComp-Sc